00519nam a22001457a 450000500170000000800410001702000180005804100130007608200140008910000420010324501570014526000340030230000120033665000250034820231117122051.0231117b |||||||| |||| 00| 0 eng d a9780409075304 aEnglish  a343.4 SIL ade Koker A and Williams, R lEnglish  aSilke on South African Income Tax Income Tax Act 58 of 1962 2008/2009 : bUpdated to include Acts 3, 4, 60 and 61 of 2008 / cA de Koker and R Williams  aDurban : bLexisNexis, c2009 c25 cm.  aLegal practice bLaw